Eclesiología: la sacramentalidad de la comunidad cristiana
Guardat en:
| Autor principal: | |
|---|---|
| Format: | Llibre |
| Idioma: | espanyol |
| Publicat: |
Salamanca
Sígueme
2006
|
| Edició: | 1a. ed |
| Col·lecció: | Lux Mundi, 86
|
| Matèries: | |
| Etiquetes: |
Afegir etiqueta
Sense etiquetes, Sigues el primer a etiquetar aquest registre!
|
MARC
| LEADER | 00000cam a2200000 a 4500 | ||
|---|---|---|---|
| 001 | UCI2177 | ||
| 003 | CL-VaPUC | ||
| 008 | 070810e20060000SP |||||||||||||||||spa|d | ||
| 020 | |a 9788430116195 | ||
| 082 | 0 | 4 | |a 262 |b PIE |2 21 |
| 100 | 0 | |a Pié-Ninot, Salvador |e author |9 523094 | |
| 245 | 1 | 0 | |a Eclesiología: la sacramentalidad de la comunidad cristiana |
| 250 | |a 1a. ed | ||
| 300 | |a 669 p | ||
| 942 | |c BK | ||
| 945 | |d 20070810 00:00:00 |a rbrito | ||
| 260 | |a Salamanca |b Sígueme |c 2006 | ||
| 650 | 0 | |a Eclesiología |9 366152 | |
| 650 | 0 | |a Iglesia Católica |9 256114 | |
| 650 | 0 | |a Hermenéutica |9 269473 | |
| 650 | 0 | |a Cristología |9 315091 | |
| 650 | 0 | |a Sacramentos |9 257270 | |
| 650 | 0 | |a Vida religiosa |9 257284 | |
| 583 | |a last modification |c 20171128 05:33:56 |k Rodrigo Vera | ||
| 490 | 0 | |a Lux Mundi, 86 | |
| 999 | |c 326819 |d 326817 | ||
| 952 | |0 0 |1 2 |4 0 |6 262_000000000000000_PIE_2006 |7 0 |8 A |9 408964 |a BIBTEO |b BIBTEO |d 2019-11-22 |i 4361814 |o 262 PIE 2006 |p 4361814 |r 2019-11-22 |w 2019-11-22 |y BK |k ICR | ||
| 952 | |0 0 |1 0 |3 erb |4 0 |6 262_000000000000000_PIE_2006 |7 0 |8 A |9 408965 |a BIBTEO |b BIBTEO |i 5439566 |l 2 |o 262 PIE 2006 |p 5439566 |r 2025-01-17 |s 2023-11-08 |w 2019-11-22 |y BK |z Catalogado en:20171201 |k ICR | ||